000
00301nam a22001337a 4500
008
170817b xxu||||| |||| 00| 0 eng d
020
_a
9780321641878
041
_a
eng
080
_2
3 ED
_a
311
100
_a
36
101
_a
MAT
245
_a
FUNDAMENTALS STATISTICS
_c
SULLIVAN.M
942
_2
udc
_c
BK
999
_c
23960
_d
23960